01429nam a2200337 a 4500001001000000003000500010005001700015008004100032010001100073011001100084040000900095090001000104100003900114245016100153260004100314500006000355502007700415590004000492590004000532590004000572650003300612650003500645650003300680856007000713901000700783942001000790942000600800999001900806952013100825952013500956000114615CHAP20220329144449.0180309s2017 mx a fsm |||||||spa d a111076 a112048 cCHAP aTesis1 aSánchez Álvarez, Iseli913480910aDescripción y caracterización de la calabaza (Cucurbita pepo L.) variedad brujita, con fines de registro /h[En línea]cpor Iseli Sánchez Álvarez. aChapingo, Méx. :bEl autor,c2017. aPara ver el contenido del material haga clic en la liga aTesis (Ing. Agr. Esp. en Fitotecnia) -- UACH. Departamento de Fitotecnia aE8697GMMb05c20180309lUCH01h1017 aE8697GMMb05c20180309lUCH01h1018 aE8697GMMb05c20180309lUCH01h142714aCalabazaxGenética.91727414aCalabazaxMejoramiento.91728314aCalabazaxVariedades.917301 aFinding aiduhttp://10.13.5.2/tesis/sist114615.pdfzTeclea aquí aBK cTESIS n0 c111076d111076 00104054718TESISaBCbBCd2018-03-09fTESISl0oTesisp114616-10r2019-12-31 00:00:00w2019-12-31yTESISzRecien adquirido 00102local4053708TESISaBCbBCcPA_TESISd2018-03-09fTESISl0oTesisp114616-20r2019-12-31 00:00:00tc.2w2019-12-31yTESIS